| 000 | 00521nam a22002057a 4500 | ||
|---|---|---|---|
| 999 |
_c7719 _d7719 |
||
| 003 | OSt | ||
| 005 | 20220221114423.0 | ||
| 008 | 220221b ||||| |||| 00| 0 eng d | ||
| 020 | _a0340859520 | ||
| 040 | _cDDC | ||
| 082 | _a005.133 RIL 2003 | ||
| 100 |
_aRiley, Richard _915758 |
||
| 245 | _aTeach Yourself C++ | ||
| 250 | _a2nd ed. | ||
| 260 |
_aLondon: _bMc Graw Hill; _c2003, |
||
| 300 |
_aix,195p; _c23cm |
||
| 504 | _aIncludes Index. | ||
| 650 |
_aC++ (Computer program language). _96304 |
||
| 942 |
_2ddc _cO_SHELF |
||